000 00354nam a2200145Ia 4500
008 210716s1993 xx 000 0 und d
041 _aeng
082 _a005.45 RUSC
100 _aRussel, Charlie.
245 _aMurphys law of Dos.
250 _a1
260 _aNew Delhi
_bBPB Publications
_c1993
300 _axxiii,356
650 _aMS DOS(005.3682)
999 _c182524
_d182524